00770nam a2200229 a 4500008004100000020002900041040001500070245014500085260003300230300004600263336002600309336002600335338002300361504003800384500001900422650002300441700002400464700001900488700001500507003000100522005001700523  a9780128025741 (hardback) aNUSTcNUST10aNegative affective states and cognitive impairments in nicotine dependence/cedited by F.Scott Hall, Jared W. Young [and] Andre Der-Avakian. aAmsterdam :bElsevier,c2017 axix, 341 pages :billustrations ;c23 cm  aunmediatedb2rdamedia atextbtxt2rdacontent avolume2rdacarrier aIncldes bibliographic references. aIncludes index 1aNicotine addiction a Andre Der-Avakian. aJared W. Young aScott Hall20230123141150.0